Statistics for Countries that have the most fresh water

Click here to take the quiz!

General Stats

  • This quiz has been taken 157 times
  • The average score is 33 of 50

Answer Stats

Renewable water resources (cu km)#Country:% Correct
4,4982Russia
96%
3,0694United States
96%
3,3003Canada
95%
2,8306China
94%
8,2331Brazil
93%
1,9089India
91%
18845Germany
85%
18944France
84%
17947Sweden
84%
45723Mexico
82%
81417Argentina
81%
43025Japan
81%
17548Italy
80%
39827Australia
78%
92214Chile
78%
38129Norway
78%
28633Nigeria
76%
1,9138Peru
76%
2,1327Colombia
75%
2,8385Indonesia
74%
39728New Zealand
74%
1,23311Venezuela
74%
62319Bolivia
71%
23437Pakistan
70%
41026Thailand
70%
23436Turkey
70%
1,28310Congo, Democratic Republic of the
68%
83216Congo, Republic of the
68%
89115Vietnam
67%
1,21112Bangladesh
66%
58020Malaysia
66%
47622Cambodia
64%
43224Ecuador
64%
33631Paraguay
64%
33432Laos
59%
21041Nepal
58%
17049Iceland
57%
18446Angola
55%
1,04613Myanmar
55%
24135Guyana
52%
47921Philippines
52%
21640Mozambique
49%
28634Cameroon
48%
33730Madagascar
39%
19743Nicaragua
34%
16450Gabon
32%
20942Serbia
27%
22639Guinea
26%
23238Liberia
19%
80118Papau New Guinea
6%

Score Distribution

Percentile by Number Answered

Percent of People with Each Score

Your Score History

You have not taken this quiz